| 000 | 004610000a22001930004500 | ||
|---|---|---|---|
| 999 |
_c48481 _d48481 |
||
| 001 | 1312 | ||
| 003 | CO-MdFUSB | ||
| 005 | 20180228163308.0 | ||
| 008 | 180228b xxu||||| |||| 00| 0 eng d | ||
| 020 | _a958-9120-88-1 | ||
| 040 | _cCO-MdBIC | ||
| 082 | 0 | 4 | _a702 P94m |
| 100 | 1 | _aForero Delgadillo, Alfonso | |
| 245 | 1 | 0 | _aCon las manos / Alfonso Forero Delgadillo |
| 250 | _a2a ed. | ||
| 260 | _aColombia : Prolibros | ||
| 300 | _a63 Pag. | ||
| 942 | _cLGB | ||